| 000 | 00779nam a22002177a 4500 | ||
|---|---|---|---|
| 003 | OSt | ||
| 005 | 20140310181929.0 | ||
| 008 | 130722t xxu||||| |||| 00| 0 eng d | ||
| 020 | _a0590120506 | ||
| 050 |
_aLB 1575 _b.H318 1999 |
||
| 082 |
_aTRE 808.8100713 _bH24 1999 |
||
| 100 |
_aHarrison, David L _92527 |
||
| 245 |
_aEasy poetry lessons that dazzle and delight : _b 50 reproducible poems and activities that inspire children to read, write, and love poetry / _cby David L. Harrison and Bernice E. Cullinan. |
||
| 260 |
_aNew York : _bScholastic Professional Books, _cc1999. |
||
| 300 |
_a128p. : _bill. ; _c28 cm. |
||
| 521 | _aFaculty | ||
| 541 | _j1 | ||
| 562 | _e1 | ||
| 650 | _2 Poetry--Study and teaching (Elementary). | ||
| 942 |
_2lcc _cBK-TR _kTRE |
||
| 999 |
_c7260 _d7260 |
||